[Event "Schwarzacher Open B"]
[Site "Schwarzach"]
[Date "1999.08.21"]
[Round "1.1"]
[White "Otto, Klaus"]
[Black "Hutz, Gerhard"]
[Result "1-0"]
[WhiteElo "1655"]
[BlackElo "1893"]
[PlyCount "61"]
[EventDate "1999.08.21"]

1. e4 e5 2. Nf3 Nc6 3. Bc4 Nf6 4. Ng5 d5 5. exd5 Na5 6. Bb5+ c6 7. dxc6 bxc6 8.
Be2 h6 9. Nf3 e4 10. Ne5 Qd4 11. Ng4 Bxg4 12. Bxg4 Bc5 13. O-O {#} 13... e3 14.
Bf3 exf2+ 15. Kh1 Kf8 16. c3 Qh4 17. g3 Qh3 18. Bg2 Qf5 19. b4 Bd6 20. bxa5 h5
21. Qf3 Qxa5 22. Rxf2 h4 23. g4 Re8 24. Re2 Rxe2 25. Qxe2 Qg5 26. Bf3 h3 27.
Na3 Rh4 28. Nc4 Bc7 29. d4 Qg6 30. Ba3+ Kg8 31. Rg1 1-0

[Event "Schwarzacher Open B"]
[Site "Schwarzach"]
[Date "1999.08.21"]
[Round "1.2"]
[White "Noell, Thomas"]
[Black "Koessler, Andreas"]
[Result "1-0"]
[WhiteElo "1891"]
[BlackElo "1653"]
[PlyCount "51"]
[EventDate "1999.08.21"]

1. d4 Nf6 2. Nf3 d5 3. e3 e6 4. Bd3 c5 5. b3 Nc6 6. O-O cxd4 7. exd4 Be7 8. Bb2
O-O 9. Nbd2 Bd7 10. a3 Rc8 11. Ne5 a6 12. f4 Qb6 13. Ndf3 Na5 14. Nxd7 Nxd7 15.
Ne5 Nxe5 16. fxe5 Nc6 17. Kh1 h6 18. Qg4 Bg5 19. Rf3 Rc7 20. Raf1 Re8 {#} 21.
h4 Bd8 22. Rg3 g5 23. Qh5 Kg7 24. Rgf3 Rf8 25. Rf6 Bxf6 26. exf6+ 1-0

[Event "Schwarzacher Open B"]
[Site "Schwarzach"]
[Date "1999.08.21"]
[Round "1.3"]
[White "Berger, Kaspar"]
[Black "Michor, Franz Jun"]
[Result "0-1"]
[WhiteElo "1649"]
[BlackElo "1887"]
[PlyCount "50"]
[EventDate "1999.08.21"]

1. e4 Nf6 2. Nc3 c5 3. e5 Ng8 4. f4 Nc6 5. Nf3 d6 6. Bb5 Bd7 7. exd6 exd6 8.
Qe2+ Qe7 9. Ne4 O-O-O {#} 10. c3 a6 11. Ba4 Re8 12. Bc2 d5 13. Ng3 Qd6 14. Ne4
dxe4 15. Ng5 Qe7 16. Bb3 Nh6 17. Bd5 f6 18. Nh3 Qd6 19. Bxc6 Bxc6 20. O-O Qd3
21. Qd1 c4 22. Nf2 Bc5 23. Kh1 Bxf2 24. Rxf2 e3 25. Re2 Ng4 0-1

[Event "Schwarzacher Open B"]
[Site "Schwarzach"]
[Date "1999.08.21"]
[Round "1.4"]
[White "Windhofer, Johann"]
[Black "Sendlhofer, Norbert"]
[Result "1-0"]
[WhiteElo "1887"]
[BlackElo "1643"]
[PlyCount "80"]
[EventDate "1999.08.21"]

1. d4 Nf6 2. Nf3 d5 3. c4 Bg4 4. e3 e6 5. h3 Bh5 6. Nc3 Nc6 7. a3 Be7 8. cxd5
exd5 9. Be2 O-O 10. O-O h6 11. Bd2 a6 12. Rc1 Rc8 13. Na4 Nb8 14. Ne5 Bxe2 15.
Qxe2 Ne4 16. Nd3 b6 17. Bb4 Re8 18. Rc2 Bf6 19. Rfc1 Qd7 20. b3 a5 21. Be1 Nd6
22. Qf3 Nb5 23. Ra2 Bg5 24. Bd2 Re6 25. Nc3 Rf6 {#} 26. Qxd5 Nd6 27. Ne5 Qe8
28. Ne4 Nxe4 29. Qxe4 Nd7 30. h4 Rd6 31. hxg5 hxg5 32. Qf5 f6 33. Nxd7 Rxd7 34.
Rac2 Re7 35. b4 a4 36. Qd5+ Kh7 37. Rc6 Rd8 38. Qf5+ Kg8 39. Rxc7 Re4 40. Rc8
Rh4 1-0

[Event "Schwarzacher Open B"]
[Site "Schwarzach"]
[Date "1999.08.21"]
[Round "1.5"]
[White "Mueller, Friedrich"]
[Black "Walkner, Karl"]
[Result "1-0"]
[WhiteElo "1622"]
[BlackElo "1870"]
[PlyCount "89"]
[EventDate "1999.08.21"]

1. d4 f5 2. c4 Nf6 3. Nc3 e6 4. Nf3 Be7 5. e3 O-O 6. g3 b6 7. Bg2 Bb7 8. O-O
Ne4 9. Qc2 d5 10. b3 Nd7 11. Bb2 Rc8 12. a4 a5 13. cxd5 exd5 14. Qe2 Bd6 15.
Rfd1 Qe8 16. Rac1 Nxc3 17. Rxc3 Nf6 18. Rdc1 f4 19. R3c2 fxg3 20. hxg3 Ne4 21.
Bh3 Ra8 22. Kg2 Ba6 23. Qe1 Bd3 24. Rxc7 Bxc7 25. Rxc7 {#} 25... Rf7 26. Rxf7
Qxf7 27. Ne5 Qc7 28. Nxd3 Rf8 29. Be6+ Kh8 30. Bxd5 Nf6 31. Bf3 Qc2 32. Qd1 Qc8
33. Ne5 Qf5 34. Ba3 Rc8 35. Nf7+ Kg8 36. Nd6 Qc2 37. Nxc8 Qxc8 38. Qc1 Qe8 39.
Qc4+ Kh8 40. e4 g5 41. e5 g4 42. exf6 gxf3+ 43. Kxf3 Qa8+ 44. d5 Qd8 45. Bb2
1-0

[Event "Schwarzacher Open B"]
[Site "Schwarzach"]
[Date "1999.08.21"]
[Round "1.6"]
[White "Huber, Josef"]
[Black "Baernthaler, Michael"]
[Result "1-0"]
[WhiteElo "1868"]
[BlackElo "1614"]
[PlyCount "115"]
[EventDate "1999.08.21"]

1. d4 Nf6 2. Nf3 g6 3. Bg5 Bg7 4. Nbd2 O-O 5. e3 d6 6. Be2 h6 7. Bh4 Nbd7 8. c3
b6 9. O-O Bb7 10. Qc2 c5 11. Rad1 Qc7 12. Rfe1 d5 13. Bg3 Qd8 14. h4 Nh5 15.
Bh2 e6 {#} 16. Bd6 Re8 17. Bb5 a6 18. Bxd7 Qxd7 19. dxc5 Rac8 20. b4 e5 21. Nb3
Qg4 22. Qe2 e4 23. Nfd4 Qxh4 24. a4 Red8 25. g3 Qh3 26. Qf1 Qg4 27. Kg2 f5 28.
Qe2 Qg5 29. Ne6 Qf6 30. Nxd8 Qxd8 31. Nd4 Qf6 32. Qa2 g5 33. Rh1 Qg6 34. Qe2
Nf6 35. Ne6 Bh8 36. Nd4 Rd8 37. Rh3 Rxd6 38. cxd6 f4 39. Kg1 g4 40. Rh4 f3 41.
Qc2 Nd7 42. c4 Bf6 43. Rh2 Be5 44. c5 bxc5 45. bxc5 Qg5 46. Ne6 Qf6 47. Nf4
Bxf4 48. exf4 Bc6 49. Rh4 Qg7 50. Rh5 d4 51. Qc4+ Kh7 52. Qxd4 Qg6 53. Re5 Nxe5
54. Qxe5 e3 55. Qxe3 Qh5 56. d7 Qh3 57. Qe7+ Kg6 58. Rd6+ 1-0

[Event "Schwarzacher Open B"]
[Site "Schwarzach"]
[Date "1999.08.21"]
[Round "1.7"]
[White "Niemeyer, Bruno"]
[Black "Peneder, Hans"]
[Result "0-1"]
[WhiteElo "1614"]
[BlackElo "1863"]
[PlyCount "60"]
[EventDate "1999.08.21"]

1. Nf3 Nf6 2. c4 g6 3. Nc3 Bg7 4. g3 O-O 5. Bg2 d6 6. d4 c6 7. e4 Bg4 8. O-O
Qb6 9. Rb1 Ne8 10. Ne2 Nd7 11. Be3 Qa6 12. b3 f5 13. Ng5 fxe4 14. Nxe4 Nc7 15.
Qd2 Nf6 16. f3 Nxe4 17. fxe4 Ne6 18. Nf4 Nxf4 19. Rxf4 Rxf4 20. gxf4 b5 21. e5
bxc4 22. bxc4 Rd8 {#} 23. Bf1 dxe5 24. c5 Qc8 25. Bc4+ Be6 26. Bxe6+ Qxe6 27.
fxe5 Bxe5 28. Qf2 Bxd4 29. Bxd4 Qg4+ 30. Kh1 Qe4+ 0-1

[Event "Schwarzacher Open B"]
[Site "Schwarzach"]
[Date "1999.08.21"]
[Round "1.8"]
[White "Stadlober, Gerold"]
[Black "Kandioller, Stefan"]
[Result "1-0"]
[WhiteElo "1863"]
[BlackElo "1613"]
[PlyCount "115"]
[EventDate "1999.08.21"]

1. e4 e5 2. Nf3 Nc6 3. Bb5 a6 4. Ba4 Nf6 5. O-O b5 6. Bb3 Bc5 7. Nxe5 Nxe5 8.
d4 Bxd4 9. Qxd4 Nc6 10. Qd1 O-O 11. Bg5 h6 12. Bh4 g5 13. Bg3 Nxe4 14. Qh5 Qf6
15. Nc3 Nxc3 16. bxc3 Qxc3 17. Qxh6 Qg7 18. Qxg7+ Kxg7 19. Bxc7 a5 20. a4 b4
21. Rfe1 Ra7 22. Bb6 Ra6 23. Bc5 Rh8 24. Bc4 Ra8 25. Bb5 Ba6 26. Bxa6 Rxa6 27.
Rad1 Rd8 28. Rd6 Kh7 29. Red1 Nb8 30. Be3 Rxd6 31. Rxd6 Rc8 32. Rb6 g4 33. Rb7
Kg7 34. Bf4 d6 35. g3 Nc6 36. Bxd6 Rd8 37. Bf4 Nd4 38. Be5+ Kg6 39. Bxd4 Rxd4
40. Rb5 Rc4 41. Rxa5 Rxc2 42. Rb5 Rb2 43. a5 b3 44. a6 Ra2 45. Rxb3 Rxa6 46.
Rb4 f5 47. Kg2 Ra5 {#} 48. h3 Kg5 49. Rb8 gxh3+ 50. Kxh3 Ra1 51. Rb5 Ra2 52.
Kg2 Ra4 53. Rc5 Kg4 54. f3+ Kg5 55. g4 Kh4 56. Rxf5 Ra2+ 57. Kf1 Kg3 58. g5 1-0

[Event "Schwarzacher Open B"]
[Site "Schwarzach"]
[Date "1999.08.21"]
[Round "1.9"]
[White "Purwin, Heinz"]
[Black "Eder, Herbert"]
[Result "0-1"]
[WhiteElo "1609"]
[BlackElo "1854"]
[PlyCount "168"]
[EventDate "1999.08.21"]

1. e4 c5 2. Nf3 d6 3. d4 cxd4 4. Nxd4 Nf6 5. Nc3 a6 6. Be3 e6 7. Be2 Be7 8. Qd2
Qc7 9. f4 Nbd7 10. O-O b5 11. Bf3 Bb7 12. a3 Nc5 13. e5 dxe5 14. fxe5 Nce4 15.
Nxe4 Nxe4 16. Bxe4 Bxe4 17. Bf4 Rd8 18. c3 O-O 19. Rfe1 Ba8 20. Kh1 Qb7 21. Qe2
Rd7 22. Rad1 Rfd8 23. Rd2 Rd5 24. Red1 Bf8 25. h3 Qc7 26. Bh2 g6 27. Nf3 Bg7
28. Re1 R8d7 29. Rxd5 Rxd5 30. Bg1 Rd7 31. Bd4 Bd5 32. Qe3 Qb7 33. Kg1 Qa8 34.
Qf2 Qd8 35. Bb6 Qc8 36. Bd4 Qc4 37. Nd2 Qc6 38. Qe2 Bh6 39. Ne4 Bxe4 40. Qxe4
Qxe4 41. Rxe4 Bg7 42. Kf2 Kf8 43. g4 Ke8 44. Kf3 Rd5 45. g5 h6 46. h4 h5 47.
Kf4 Kd7 48. Re2 Kc6 49. Ke4 Bf8 50. Rf2 Rd7 51. Rf3 a5 52. Rd3 Rb7 53. Bf2 b4
54. axb4 axb4 55. Bd4 Kb5 56. cxb4 Kxb4 57. Rc3 Ka4 58. Rf3 Bb4 59. Bc3 Bc5 60.
Kd3 Kb5 61. Kc2 Kc4 62. Rf1 Kd5 63. Kd3 Ba7 64. Rf4 Rc7 65. Ra4 {#} 65... Bf2
66. Rf4 Bg3 67. Rd4+ Kxe5 68. Rd7+ Kf5 69. Rxc7 Bxc7 70. Be1 e5 71. b4 e4+ 72.
Ke2 Ke6 73. Ke3 Kd5 74. Kd2 Kd4 75. Ke2 Bf4 76. Kf2 Kd3 77. Kg2 Bd2 78. Bxd2
Kxd2 79. b5 e3 80. b6 e2 81. b7 e1=Q 82. b8=Q Qe4+ 83. Kh3 Qg4+ 84. Kh2 Qxh4+
0-1

[Event "Schwarzacher Open B"]
[Site "Schwarzach"]
[Date "1999.08.21"]
[Round "1.10"]
[White "Lehner, Erich"]
[Black "Sigl, Martin"]
[Result "1/2-1/2"]
[WhiteElo "1853"]
[BlackElo "1605"]
[PlyCount "119"]
[EventDate "1999.08.21"]

1. e4 c5 2. Nf3 Nc6 3. d4 cxd4 4. Nxd4 Nf6 5. Nc3 e6 6. Nxc6 bxc6 7. e5 Nd5 8.
Ne4 Qc7 9. f4 Bb7 10. c3 Be7 11. Bd3 a5 12. O-O O-O 13. a3 f5 14. exf6 Nxf6 15.
Ng5 h6 16. Ne4 c5 17. Nxf6+ Rxf6 18. Qg4 Ba6 19. c4 Raf8 20. Be3 d5 21. b3 Bd6
22. g3 Bb7 23. Rae1 d4 24. Bf2 e5 25. fxe5 Bxe5 26. Be4 Bxe4 27. Qxe4 Bd6 28.
b4 axb4 29. axb4 Qf7 30. Qd5 Qxd5 31. cxd5 Rf5 32. bxc5 Bxc5 33. Rd1 Rxd5 34.
Rfe1 Rfd8 35. Rd3 Kf7 36. Kg2 Ra8 37. g4 Ra6 38. Re4 Ra4 39. Rf3+ Kg6 40. Rd3
Rc4 {#} 41. Re6+ Kf7 42. Rc6 h5 43. h3 Ra4 44. Kf3 Ra3 45. Ke4 Rxd3 46. Kxd3
hxg4 47. hxg4 Be7 48. Rc4 Bf6 49. Bxd4 Rxd4+ 50. Rxd4 Bxd4 51. Kxd4 Kg6 52. Ke4
Kg5 53. Kf3 Kh4 54. Kf4 g6 55. g5 Kh5 56. Kf3 Kxg5 57. Kg3 Kf5 58. Kf3 g5 59.
Kg3 g4 60. Kg2 1/2-1/2

[Event "Schwarzacher Open B"]
[Site "Schwarzach"]
[Date "1999.08.22"]
[Round "2.2"]
[White "Michor, Franz Jun"]
[Black "Schneiderheinze, Roland"]
[Result "1/2-1/2"]
[WhiteElo "1887"]
[BlackElo "1761"]
[PlyCount "62"]
[EventDate "1999.08.21"]

1. Nf3 Nf6 2. g3 d5 3. c4 dxc4 4. Na3 e6 5. Nxc4 Nbd7 6. Bg2 Be7 7. O-O c6 8.
b3 O-O 9. Bb2 Nd5 10. e4 N5b6 11. Qc2 Nxc4 12. bxc4 c5 13. Rad1 Qc7 14. e5 Rd8
15. Qe4 Nf8 16. Nh4 Rb8 17. f4 b5 18. cxb5 Rxb5 19. Bc3 Bb7 20. Qe2 c4 21. Nf3
Bc5+ 22. Kh1 Rd3 23. h3 Bb6 24. Kh2 Rd8 25. Rc1 Bd5 26. Ne1 Qc6 27. f5 Bxg2 28.
Nxg2 Bd4 29. f6 Ng6 30. Bxd4 Rxd4 31. Qf2 Qd7 1/2-1/2

[Event "Schwarzacher Open B"]
[Site "Schwarzach"]
[Date "1999.08.22"]
[Round "2.3"]
[White "Renner, Gabriele"]
[Black "Windhofer, Johann"]
[Result "1-0"]
[WhiteElo "1760"]
[BlackElo "1887"]
[PlyCount "91"]
[EventDate "1999.08.21"]

1. e4 c5 2. Nc3 Nc6 3. g3 g6 4. Bg2 Bg7 5. d3 Nf6 6. Be3 d6 7. h3 Bd7 8. Qd2 a6
9. Bh6 O-O 10. h4 b5 11. h5 e5 12. Bxg7 Kxg7 13. hxg6 fxg6 14. Qh6+ Kg8 15. Nd5
Rf7 16. Ne3 Ng4 17. Nxg4 Bxg4 18. f3 Bd7 19. Ne2 Qf6 20. O-O-O Ra7 21. Rdf1 b4
22. f4 Qg7 23. Qg5 Qf6 24. Qh6 Qg7 25. Qh2 Bg4 26. Bh3 Bxe2 27. Qxe2 Nd4 28.
Qg2 Rf6 29. Kb1 Raf7 30. f5 gxf5 31. exf5 Rf8 32. g4 Qg5 33. Qd5+ Kh8 34. Qe4
Qd2 35. Qg2 Qxg2 36. Bxg2 Ne2 37. Rf2 Nf4 38. Bf3 R8f7 39. Rfh2 Rd7 40. Be4
Rff7 {#} 41. f6 h5 42. Rxh5+ Nxh5 43. Rxh5+ Kg8 44. Bd5 c4 45. g5 e4 46. dxe4
1-0

[Event "Schwarzacher Open B"]
[Site "Schwarzach"]
[Date "1999.08.22"]
[Round "2.4"]
[White "Zozin, Walter"]
[Black "Huber, Josef"]
[Result "0-1"]
[WhiteElo "1754"]
[BlackElo "1868"]
[PlyCount "92"]
[EventDate "1999.08.21"]

1. f4 d5 2. Nf3 e6 3. b3 Be7 4. Bb2 Nf6 5. e3 c5 6. Be2 Nc6 7. Bb5 O-O 8. Bxc6
bxc6 9. Ne5 Qc7 10. O-O Ba6 11. d3 Rad8 12. Nd2 Rfe8 13. Qe1 Bf8 14. Qg3 g6 15.
Ng4 Nxg4 16. Qxg4 Bg7 17. Bxg7 Kxg7 {#} 18. f5 exf5 19. Rxf5 Bc8 20. Qf4 Qxf4
21. Rxf4 Rxe3 22. Raf1 f5 23. b4 Re2 24. R4f2 Rxf2 25. Kxf2 cxb4 26. Nb3 Re8
27. a4 Kf7 28. Re1 Rxe1 29. Kxe1 f4 30. Kd2 Kf6 31. c3 bxc3+ 32. Kxc3 Ke5 33.
Kb4 Kd6 34. d4 g5 35. Nc5 h5 36. Kc3 Bf5 37. Kd2 Be4 38. g3 fxg3 39. hxg3 h4
40. gxh4 gxh4 41. Ke3 h3 42. Kf2 h2 43. Nxe4+ dxe4 44. Kg2 Kd5 45. Kxh2 Kxd4
46. Kg2 Kd3 0-1

[Event "Schwarzacher Open B"]
[Site "Schwarzach"]
[Date "1999.08.22"]
[Round "2.5"]
[White "Peneder, Hans"]
[Black "Hasewend, Wolfgang"]
[Result "1-0"]
[WhiteElo "1863"]
[BlackElo "1760"]
[PlyCount "47"]
[EventDate "1999.08.21"]

1. c4 Nf6 2. Nc3 e6 3. g3 d5 4. cxd5 exd5 5. d4 c6 6. Bg2 Be6 7. Nf3 Nbd7 8.
O-O Qc7 9. Ng5 Bf5 10. e4 dxe4 11. Qb3 Nb6 12. Bf4 Qd7 13. Ncxe4 Nxe4 14. Rfe1
Be6 15. Rxe4 Nd5 16. Nxe6 fxe6 17. Bd2 O-O-O 18. Bh3 Nc7 19. Rxe6 Kb8 20. Bf4
Qf7 21. Rd6 {#} 21... Qe8 22. Re6 Qf7 23. Rae1 Ka8 24. Rd6 1-0

[Event "Schwarzacher Open B"]
[Site "Schwarzach"]
[Date "1999.08.22"]
[Round "2.6"]
[White "Elasad, Muhammat"]
[Black "Stadlober, Gerold"]
[Result "1/2-1/2"]
[WhiteElo "1735"]
[BlackElo "1863"]
[PlyCount "50"]
[EventDate "1999.08.21"]

1. e4 c5 2. d4 cxd4 3. f4 d5 4. e5 Nc6 5. Nf3 Qb6 6. Bd3 e6 7. a3 Nge7 8. O-O
g6 9. b4 a6 10. Qe2 Bd7 11. Nbd2 Na7 12. Nb3 Bb5 13. Kh1 Bxd3 14. Qxd3 Nf5 15.
Nfxd4 Nxd4 16. Nxd4 Qc7 17. Be3 Be7 18. Rfc1 b5 19. Rf1 O-O 20. g4 Rfc8 21. Bd2
Qc4 22. Rf3 Nc6 23. Qxc4 dxc4 24. Nxc6 Rxc6 25. Bc3 {#} 25... Rd8 1/2-1/2

[Event "Schwarzacher Open B"]
[Site "Schwarzach"]
[Date "1999.08.22"]
[Round "2.7"]
[White "Eder, Herbert"]
[Black "Ellmauer, Klaus"]
[Result "1-0"]
[WhiteElo "1854"]
[BlackElo "1755"]
[PlyCount "176"]
[EventDate "1999.08.21"]

1. e4 d6 2. d4 Nf6 3. Bd3 g6 4. c4 Bg7 5. Nc3 c5 6. d5 O-O 7. Nge2 e5 8. h3 Ne8
9. Be3 f5 10. f3 Bd7 11. Qd2 a6 12. a4 Qc8 13. Bg5 f4 14. Bh4 h6 15. Bf2 g5 16.
Ng1 Nc7 17. Bf1 b5 18. axb5 axb5 19. Rxa8 Nxa8 {#} 20. cxb5 Qc7 21. Bc4 Qa5 22.
Nge2 Nb6 23. Qd3 Qa1+ 24. Nd1 Qa5+ 25. Nec3 Nxc4 26. Qxc4 Bc8 27. O-O Qd8 28.
b4 cxb4 29. Qxb4 h5 30. Na4 g4 31. fxg4 hxg4 32. Bb6 Qg5 33. hxg4 Rf6 34. Bd8
Bxg4 35. Bxf6 Bxf6 36. Nf2 Be2 37. Nh3 Qg3 38. Rf2 Bg4 39. Qc3 {#} 39... f3 40.
Rxf3 Bxf3 41. Qxf3 Qe1+ 42. Kh2 Bh4 43. b6 Kg7 44. g3 Bf6 45. Kg2 Qb4 46. Qg4+
Kh6 47. Qf5 Kg7 48. Ng5 Qd2+ 49. Kh3 Qxg5 50. Qxg5+ Bxg5 51. Kg4 Kg6 52. Nc3
Be3 53. Nb5 Bxb6 54. Nxd6 Nd7 55. Nf5 Nf6+ 56. Kf3 Kg5 57. Nd6 Bc5 58. Nf7+ Kh5
59. Nxe5 Ne8 60. Nd3 Ba3 61. Kf4 Nf6 62. Kf5 Nxe4 63. Nf4+ Kh6 64. Kxe4 Kg5 65.
Ne2 Bd6 66. Kf3 Kf5 67. Nf4 Kg5 68. Ne6+ Kf5 69. g4+ Ke5 70. Nf4 Kf6 71. Nd3
Kg5 72. Nf2 Be7 73. Ne4+ Kg6 74. Kf4 Bh4 75. Ke5 Kf7 76. Kf5 Ke7 77. g5 Be1 78.
g6 Kf8 79. d6 Ba5 80. Ng5 Kg8 81. Ne6 Bb4 82. d7 Be7 83. d8=Q+ Bxd8 84. Nxd8
Kg7 85. Nc6 Kg8 86. Kf6 Kh8 87. g7+ Kg8 88. Ne7+ Kh7 1-0

[Event "Schwarzacher Open B"]
[Site "Schwarzach"]
[Date "1999.08.22"]
[Round "2.8"]
[White "Pitro, Erwin"]
[Black "Manzenreiter, Franz"]
[Result "1-0"]
[WhiteElo "1843"]
[BlackElo "1736"]
[PlyCount "79"]
[EventDate "1999.08.21"]

1. f4 e6 2. Nf3 Nc6 3. e3 Nf6 4. b3 d5 5. Bb2 Bc5 6. Bb5 Bd7 7. Bxc6 Bxc6 8.
Ne5 Bb5 9. Qf3 c6 10. Nc3 Ba6 11. Ne2 Bxe2 12. Qxe2 d4 13. e4 Qb6 14. Nd3 Be7
15. O-O O-O-O 16. Kh1 h5 17. a4 a5 18. Ne5 Rdf8 19. Nc4 Qa7 20. c3 c5 {#} 21.
cxd4 Kb8 22. dxc5 Bxc5 23. Be5+ Ka8 24. Bc7 Ng4 25. h3 b6 26. b4 Bd4 27. Bd6
Rc8 28. Rab1 Qd7 29. bxa5 e5 30. fxe5 Nf2+ 31. Rxf2 Bxf2 32. Qxf2 Rxc4 33. Qxb6
Rc6 34. Qb5 Rhc8 35. Kh2 g5 36. a6 Rxd6 37. exd6 Qxb5 38. axb5 Ka7 39. d7 Rd8
40. b6+ 1-0

[Event "Schwarzacher Open B"]
[Site "Schwarzach"]
[Date "1999.08.22"]
[Round "2.10"]
[White "Rabensteiner, Klaus"]
[Black "Mroz, Thomas"]
[Result "1-0"]
[WhiteElo "1834"]
[BlackElo "1703"]
[PlyCount "35"]
[EventDate "1999.08.21"]

1. c4 Nf6 2. Nc3 g6 3. g3 Bg7 4. Bg2 Nc6 5. e3 O-O 6. Nge2 Ne5 7. d3 c5 8. O-O
d6 9. b3 Rb8 10. Bb2 a6 11. d4 cxd4 12. Nxd4 Qc7 13. Rc1 e6 14. Qd2 Nc6 15.
Rfd1 Nxd4 16. Qxd4 {#} 16... Nd5 17. Qxg7+ Kxg7 18. Nxd5+ 1-0

[Event "Schwarzacher Open B"]
[Site "Schwarzach"]
[Date "1999.08.23"]
[Round "3.1"]
[White "Huber, Josef"]
[Black "Schweiger, Wolfgang"]
[Result "0-1"]
[WhiteElo "1868"]
[BlackElo "1777"]
[PlyCount "66"]
[EventDate "1999.08.21"]

1. d4 d5 2. Nf3 Nf6 3. Bg5 e6 4. e3 c5 5. c3 Nc6 6. Bd3 c4 7. Bc2 Be7 8. Nbd2
b5 9. O-O Bb7 10. Qe2 Qc7 11. e4 dxe4 12. Nxe4 Nxe4 13. Bxe4 Bxg5 14. Nxg5 h6
15. Nf3 O-O 16. Rad1 Ne7 17. Ne5 a5 18. Bc2 Nd5 19. Qe4 Nf6 20. Qh4 b4 21. Rfe1
Nd5 22. Qe4 f5 23. Qe2 {#} 23... bxc3 24. Qxc4 Qxc4 25. Nxc4 cxb2 26. Rxe6 Nc3
27. Rde1 Bd5 28. R6e3 Nxa2 29. Nb6 Nb4 30. Ba4 Be4 31. Rxe4 fxe4 32. Nxa8 Rc8
33. Bb3+ Kh8 0-1

[Event "Schwarzacher Open B"]
[Site "Schwarzach"]
[Date "1999.08.23"]
[Round "3.2"]
[White "Kinzlinger, Georg"]
[Black "Peneder, Hans"]
[Result "1-0"]
[WhiteElo "1777"]
[BlackElo "1863"]
[PlyCount "41"]
[EventDate "1999.08.21"]

1. e4 c6 2. d4 d5 3. Nc3 dxe4 4. Nxe4 Bf5 5. Ng3 Bg6 6. Nf3 e6 7. Bd3 Bxd3 8.
Qxd3 Qc7 9. O-O Nd7 10. c4 Ngf6 11. b3 O-O-O 12. Qe2 h6 13. Bb2 Bd6 {#} 14. Ne5
Bxe5 15. dxe5 Ne8 16. Rfd1 Qa5 17. a3 Qa6 18. b4 Nc7 19. Ne4 Rdf8 20. a4 Kb8
21. Rxd7 1-0

[Event "Schwarzacher Open B"]
[Site "Schwarzach"]
[Date "1999.08.23"]
[Round "3.3"]
[White "Renner, Gabriele"]
[Black "Eder, Herbert"]
[Result "1/2-1/2"]
[WhiteElo "1760"]
[BlackElo "1854"]
[PlyCount "132"]
[EventDate "1999.08.21"]

1. e4 c5 2. Nc3 e6 3. g3 d5 4. exd5 exd5 5. d4 Nf6 6. Bg2 cxd4 7. Qxd4 Nc6 8.
Qd1 Be6 9. Nge2 h6 10. O-O Bc5 11. Bf4 O-O 12. a3 a6 13. b4 Ba7 14. Qd3 Ne7 15.
Nd4 Ng6 16. Be3 Ne5 17. Qe2 Bxd4 18. Bxd4 Nc6 19. Rad1 Re8 20. Qd2 Nxd4 21.
Qxd4 Qc7 22. Rd2 Rad8 23. Rfd1 {#} 23... Rd7 24. Na4 Red8 25. Nc5 Rd6 26. Re1
Ne4 27. Nxe6 fxe6 28. Rde2 Nf6 29. Rxe6 Qxc2 30. Rxd6 Rxd6 31. Qe5 Qc7 32. Rd1
Qd7 33. Re1 b6 34. Qe2 b5 35. Qe5 d4 36. Bh3 Qd8 37. Bf5 d3 38. Rd1 d2 39. Qc3
Qe7 40. Kg2 Qb7+ 41. f3 Qd5 42. Qc8+ Kf7 43. Qc2 Qc4 44. Rxd2 Qxc2 45. Rxc2 Nd5
46. Kf2 Kf6 47. Be4 Nb6 48. Rc6 Rxc6 49. Bxc6 Nc4 50. Bb7 Nxa3 51. Bxa6 Nc2 52.
Bxb5 Nxb4 53. Ke3 Nd5+ 54. Kd4 Ne7 55. Bd7 Ng6 56. f4 Ne7 57. Ke4 g6 58. h4 g5
59. fxg5+ hxg5 60. h5 Ng8 61. g4 Nh6 {#} 62. Kd5 Nxg4 63. Bxg4 Kg7 64. Ke5 Kh8
65. Kf6 Kh7 66. Kf7 Kh6 1/2-1/2

[Event "Schwarzacher Open B"]
[Site "Schwarzach"]
[Date "1999.08.23"]
[Round "3.4"]
[White "Otto, Klaus"]
[Black "Pitro, Erwin"]
[Result "0-1"]
[WhiteElo "1655"]
[BlackElo "1843"]
[PlyCount "100"]
[EventDate "1999.08.21"]

1. e4 g6 2. d4 Bg7 3. Be3 c6 4. Bd3 d5 5. exd5 cxd5 6. Ne2 Nf6 7. h3 Nc6 8. c3
a6 9. Nd2 O-O 10. O-O b5 11. a3 Na5 12. f4 Nc4 13. Nxc4 bxc4 14. Bc2 Bf5 15.
Bxf5 gxf5 16. Ng3 e6 17. Nh5 Nxh5 18. Qxh5 Qf6 19. Rae1 Qg6 20. Qxg6 fxg6 21.
h4 Kf7 22. g3 Bf6 23. Re2 h6 24. Rh2 Rh8 25. Rff2 Be7 26. Bc1 {#} 26... g5 27.
hxg5 hxg5 28. Rxh8 Rxh8 29. Rh2 Rxh2 30. Kxh2 Kg6 31. Kg2 Kh5 32. Kf3 gxf4 33.
gxf4 Kh4 34. Bd2 Kh3 35. Bc1 Bh4 36. Bd2 Kh2 37. Be3 Kh1 38. a4 Kh2 39. Bd2 Kg1
40. Ke2 Kg2 41. Be3 Kg3 42. Kd1 Kf3 43. Bd2 Bg3 44. Kc2 Bxf4 45. Be1 Bg3 46.
Bd2 Ke2 47. Bg5 f4 48. Bxf4 Bxf4 49. b4 cxb3+ 50. Kxb3 Kd3 0-1

[Event "Schwarzacher Open B"]
[Site "Schwarzach"]
[Date "1999.08.23"]
[Round "3.5"]
[White "Mueller, Friedrich"]
[Black "Rabensteiner, Klaus"]
[Result "0-1"]
[WhiteElo "1622"]
[BlackElo "1834"]
[PlyCount "71"]
[EventDate "1999.08.21"]

1. d4 Nf6 2. Nf3 e6 3. c4 b6 4. g3 Bb7 5. Bg2 Be7 6. Nc3 d5 7. O-O Nbd7 8. Ne5
O-O 9. Bf4 c6 10. cxd5 Nxd5 11. Nxd5 cxd5 12. Rc1 Nxe5 13. Bxe5 Bd6 14. Rc2 f6
15. Bxd6 Qxd6 16. Qd2 Rac8 17. Rfc1 Rxc2 18. Rxc2 Rc8 19. Bh3 Rc6 20. Rxc6 Qxc6
21. Qc3 Kf7 22. Qxc6 Bxc6 23. f4 Ke7 24. e3 Bb5 25. Bf1 Bxf1 26. Kxf1 {#} 26...
e5 27. f5 Kd6 28. Ke2 exd4 29. exd4 Kc6 30. Kd3 Kb5 31. Kc3 Ka4 32. g4 b5 33.
a3 a6 34. h4 h6 35. g5 hxg5 36. hxg5 0-1

[Event "Schwarzacher Open B"]
[Site "Schwarzach"]
[Date "1999.08.23"]
[Round "3.6"]
[White "Reschreiter, Hans-Peter"]
[Black "Scheiber, Aegidius"]
[Result "1-0"]
[WhiteElo "1827"]
[BlackElo "1392"]
[PlyCount "67"]
[EventDate "1999.08.21"]

1. d4 d5 2. c4 Nf6 3. g3 e6 4. Bg2 c6 5. Nf3 Be7 6. O-O O-O 7. Nbd2 Nbd7 8. Qc2
Ne8 9. e4 dxc4 10. Nxc4 b5 11. Nce5 c5 12. Nxd7 Bxd7 {#} 13. dxc5 Rc8 14. b4 e5
15. Nxe5 f6 16. Qb3+ Kh8 17. Nf7+ Rxf7 18. Qxf7 Nc7 19. Rd1 Ne6 20. Qh5 g6 21.
Qe2 Qc7 22. Bb2 Bc6 23. f4 Kg8 24. Rd2 h5 25. Rad1 Kf7 26. f5 Ng5 27. fxg6+
Kxg6 28. h4 Nxe4 29. Bxe4+ f5 30. Bxc6 Qxg3+ 31. Bg2 Qxh4 32. Qe6+ Bf6 33. Bxf6
Qxf6 34. Qxc8 1-0

[Event "Schwarzacher Open B"]
[Site "Schwarzach"]
[Date "1999.08.23"]
[Round "3.7"]
[White "Kawinek, Arnold"]
[Black "Van Essen, Mark"]
[Result "0-1"]
[WhiteElo "1564"]
[BlackElo "1825"]
[PlyCount "74"]
[EventDate "1999.08.21"]

1. e4 e5 2. Nf3 Nc6 3. Bb5 a6 4. Ba4 d6 5. c3 Nf6 6. d3 g6 7. O-O Bg7 8. Nbd2
O-O 9. Re1 Nd7 10. Nf1 Kh8 11. Ng3 Qe7 12. Be3 Nd8 13. Qd2 Ne6 14. d4 f5 15.
exf5 gxf5 {#} 16. Bg5 Nxg5 17. Qxg5 Qxg5 18. Nxg5 exd4 19. Re7 Nc5 20. Nh5 h6
21. Rxg7 hxg5 22. Bb3 Nxb3 23. axb3 d3 24. Kf1 f4 25. Rxc7 Bg4 26. Ng7 f3 27.
h3 fxg2+ 28. Kxg2 Bf3+ 29. Kf1 d2 30. Ne6 Rf6 31. Nxg5 d1=Q+ 32. Rxd1 Bxd1 33.
Rxb7 Bc2 34. Re7 Raf8 35. Re2 Bd3 36. Ne4 Bxe2+ 37. Kxe2 Re6 0-1

[Event "Schwarzacher Open B"]
[Site "Schwarzach"]
[Date "1999.08.23"]
[Round "3.9"]
[White "Poffers, Rieke"]
[Black "Michor, Franz Jun"]
[Result "1-0"]
[WhiteElo "1502"]
[BlackElo "1887"]
[PlyCount "27"]
[EventDate "1999.08.21"]

1. e4 Nf6 2. Nc3 c5 3. e5 Ng8 4. f4 Nc6 5. Nf3 d6 6. Bc4 Bg4 {#} 7. Bxf7+ Kd7
8. h3 Nh6 9. hxg4 Nxf7 10. d4 cxd4 11. Nxd4 dxe5 12. Ne6+ Kxe6 13. f5+ Kf6 14.
Ne4# 1-0